Learning to labour : how working class kids get working class jobs

Αποθηκεύτηκε σε:
Λεπτομέρειες βιβλιογραφικής εγγραφής
Κύριος συγγραφέας: Willis, Paul E.
Μορφή: Βιβλίο
Γλώσσα:English
Δημοσίευση: Aldershot : Ashgate, 1993.
Θέματα:
Ετικέτες: Προσθήκη ετικέτας
Δεν υπάρχουν, Καταχωρήστε ετικέτα πρώτοι!

MARC

LEADER 00000cam a2200000 i 4500
001 1/62700
008 930920s1993 enk| ||| |||| ||eng||
020 |a 1857421701 
035 |a ΛΕΣΒΟΣb10001086  |l 10001086 
040 |a GR-MyUa  |b gre  |e AACR2 
041 0 |a eng 
082 7 |a 305.23   |2 (22) 
100 1 |a Willis, Paul E. 
245 1 0 |a Learning to labour :   |b how working class kids get working class jobs /   |c Paul E. Willis. 
260 |a Aldershot :   |b Ashgate,   |c 1993. 
300 |a 204 σ. ;   |c 23 εκ. 
500 |a Περιλαμβάνει ευρετήριο. 
650 0 |a Youth  |x Employment  |z Great Britain. 
650 0 |a Working class  |x Education  |z Great Britain. 
767 0 8 |i Μεταφρασμένο ως:   |t Μαθαίνοντας να δουλεύεις :  
852 |a INST  |b LESVOS  |e 19930920  |h 305.23 WIL  |p 005100009518  |q 005100009518  |t BK  |y 0